MARC details
| 000 -CABECERA |
| campo de control de longitud fija |
03719nam a2200481 a 4500 |
| 001 - NÚMERO DE CONTROL |
| campo de control |
000028487 |
| 003 - IDENTIFICADOR DEL NÚMERO DE CONTROL |
| campo de control |
DO-SdBNP |
| 005 - FECHA Y HORA DE LA ÚLTIMA TRANSACCIÓN |
| campo de control |
20250416133741.0 |
| 008 - DATOS DE LONGITUD FIJA--INFORMACIÓN GENERAL |
| campo de control de longitud fija |
110408t2010 dr a 001 0 spa d |
| 040 ## - FUENTE DE LA CATALOGACIÓN |
| Centro catalogador/agencia de origen |
DO-SdBNP |
| Lengua de catalogación |
spa |
| Centro/agencia transcriptor |
BNPHU |
| 082 ## - NÚMERO DE LA CLASIFICACIÓN DECIMAL DEWEY |
| Número de clasificación |
325.246097293 |
| Número de documento/Ítem |
S471e |
| 111 2# - ENTRADA PRINCIPAL--NOMBRE DE CONGRESO/REUNIÓN |
| Nombre de congreso/reunión o jurisdicción como elemento de entrada |
Seminario internacional "El exilio republicano español en la sociedad dominicana" |
| Fecha del congreso/reunión |
(2010, mar 4-5: |
| Sede del congreso/Lugar de la reunión |
Santo Domingo, República Dominicana) |
| 9 (RLIN) |
55434 |
| 245 13 - MENCIÓN DE TÍTULO |
| Título |
El exilio republicano español en la sociedad dominicana / |
| Mención de responsabilidad, etc. |
Francisco Antonio Avelino ... [et al.] ; coordinadora Reina Rosario Fernández. |
| 260 ## - PUBLICACIÓN, DISTRIBUCIÓN, ETC. |
| Lugar de publicación, distribución, etc. |
Santo Domingo : |
| Nombre del editor, distribuidor, etc. |
Comisión Permanente de Efemérides Patrias : |
| -- |
Archivo General de la Nación : |
| -- |
Academia Dominicana de la Historia, |
| Fecha de publicación, distribución, etc. |
2010. |
| 300 ## - DESCRIPCIÓN FÍSICA |
| Extensión |
285 p. ; |
| Dimensiones |
23 cm. |
| 490 1# - MENCIÓN DE SERIE |
| Mención de serie |
Archivo General de la Nación ; |
| Designación de volumen o secuencia |
113 |
| 490 1# - MENCIÓN DE SERIE |
| Mención de serie |
Academia Dominicana de la Historia ; |
| Designación de volumen o secuencia |
89 |
| 500 ## - NOTA GENERAL |
| Nota general |
Colección conmemorativa del 70 aniversario del exilio republicano español en la República Dominicana. |
| 504 ## - NOTA DE BIBLIOGRAFÍA, ETC. |
| Nota de bibliografía, etc. |
Incluye referencias bibliográficas y notas al pie de páginas y al final de capítulos. |
| 505 0# - NOTA DE CONTENIDO CON FORMATO |
| Nota de contenido con formato |
Presentación / |
| Mención de responsabilidad |
Reina C. Rosario Fernández -- |
| Título |
Breves reflexiones acerca de la Guerra Civil Española, 1936-1939 / |
| Mención de responsabilidad |
Francisco Antonio Avelino -- |
| Título |
El accidente del vapor Cuba o los obscuros móviles de una política de inmigración en la Era de Trujillo / |
| Mención de responsabilidad |
Juan B. Alfonseca Giner de los Ríos -- |
| Título |
Influencia de los refugiados republicanos españoles en la Universidad de Santo Domingo, 1940-1947 / |
| Mención de responsabilidad |
Constancio Cassá Bernaldo de Quirós -- |
| Título |
Las colonias de refugiados españoles en la República Dominicana, 1939-1941 / |
| Mención de responsabilidad |
Natalia González Tejera -- |
| Título |
Arquitectos republicanos españoles en Santo Domingo / |
| Mención de responsabilidad |
Omar Rancier -- |
| Título |
Incidencia política de los republicanos españoles en República Dominicana / |
| Mención de responsabilidad |
Roberto Cassá Bernaldo de Quirós -- |
| Título |
Las redes de un errante: republicanos españoles en Santo Domingo, Puerto Rico y Cuba / |
| Mención de responsabilidad |
Consuelo Naranjo Orovio -- |
| Título |
El exilio republicano españoles y sus aportes a la modernidad en el arte dominicano / |
| Mención de responsabilidad |
Jeannette Miller -- |
| Título |
Vicente Llorens Castillo / |
| Mención de responsabilidad |
Amadeo Julián -- |
| Título |
La emigración republicana española: aportes a la República Dominicana / |
| Mención de responsabilidad |
José del Castillo, |
| -- |
Manuel García Arévalo -- |
| Información miscelánea |
Sobre los autores -- |
| -- |
Anexo: |
| Título |
Programa del seminario internacional. |
| 590 ## - NOTA LOCAL (RLIN) |
| Nota local |
Inventariado, 2018/BT |
| 650 #4 - PUNTO DE ACCESO ADICIONAL DE MATERIA--TÉRMINO DE MATERIA |
| Término de materia o nombre geográfico como elemento de entrada |
Expatriación |
| Subdivisión geográfica |
España |
| Subdivisión general |
Congresos, conferencias, etc. |
| 9 (RLIN) |
55435 |
| 650 #4 - PUNTO DE ACCESO ADICIONAL DE MATERIA--TÉRMINO DE MATERIA |
| Término de materia o nombre geográfico como elemento de entrada |
Refugiados políticos |
| Subdivisión general |
Congresos, conferencias, etc. |
| 9 (RLIN) |
55436 |
| 651 #4 - PUNTO DE ACCESO ADICIONAL DE MATERIA--NOMBRE GEOGRÁFICO |
| Nombre geográfico |
República Dominicana |
| Subdivisión general |
Emigración E Inmigración |
| -- |
Congresos, Conferencias, Etc. |
| 9 (RLIN) |
55219 |
| 651 #4 - PUNTO DE ACCESO ADICIONAL DE MATERIA--NOMBRE GEOGRÁFICO |
| Nombre geográfico |
España |
| Subdivisión general |
Emigración E Inmigración |
| -- |
Congresos, Conferencias, Etc. |
| 9 (RLIN) |
55437 |
| 651 #4 - PUNTO DE ACCESO ADICIONAL DE MATERIA--NOMBRE GEOGRÁFICO |
| Nombre geográfico |
España |
| Subdivisión general |
Historia |
| Subdivisión cronológica |
GUERRA CIVIL, 1936-1939 |
| Subdivisión general |
Congresos, Conferencias, Etc. |
| 9 (RLIN) |
55438 |
| 651 #4 - PUNTO DE ACCESO ADICIONAL DE MATERIA--NOMBRE GEOGRÁFICO |
| Nombre geográfico |
Españoles En República Dominicana |
| Subdivisión general |
Congresos, Conferencias, Etc. |
| 9 (RLIN) |
55439 |
| 700 1# - PUNTO DE ACCESO ADICIONAL--NOMBRE DE PERSONA |
| Nombre de persona |
Avelino , Francisco Antonio, |
| Fechas asociadas al nombre |
1935- |
| 9 (RLIN) |
55440 |
| 700 1# - PUNTO DE ACCESO ADICIONAL--NOMBRE DE PERSONA |
| Nombre de persona |
Alfonseca Giner de los Ríos, Juan Bernardo |
| 9 (RLIN) |
55441 |
| 700 1# - PUNTO DE ACCESO ADICIONAL--NOMBRE DE PERSONA |
| Nombre de persona |
Cassá Bernaldo de Quirós, Constancio, |
| Fechas asociadas al nombre |
1953- |
| 9 (RLIN) |
5204 |
| 700 1# - PUNTO DE ACCESO ADICIONAL--NOMBRE DE PERSONA |
| Nombre de persona |
González Tejera, Natalia, |
| Fechas asociadas al nombre |
1960- |
| 9 (RLIN) |
55442 |
| 700 1# - PUNTO DE ACCESO ADICIONAL--NOMBRE DE PERSONA |
| Nombre de persona |
Rancier Valdéz, Luis Omar, |
| Fechas asociadas al nombre |
1952- |
| 9 (RLIN) |
55443 |
| 700 1# - PUNTO DE ACCESO ADICIONAL--NOMBRE DE PERSONA |
| Nombre de persona |
Naranjo Olivo, Consuelo |
| 9 (RLIN) |
55444 |
| 700 1# - PUNTO DE ACCESO ADICIONAL--NOMBRE DE PERSONA |
| Nombre de persona |
Miller, Jeannette, |
| Fechas asociadas al nombre |
1944- |
| 9 (RLIN) |
83484 |
| 700 1# - PUNTO DE ACCESO ADICIONAL--NOMBRE DE PERSONA |
| Nombre de persona |
Julián, Amadeo, |
| Fechas asociadas al nombre |
1943- |
| 9 (RLIN) |
55445 |
| 700 1# - PUNTO DE ACCESO ADICIONAL--NOMBRE DE PERSONA |
| Nombre de persona |
García Arévalo, Manuel Antonio |
| Fechas asociadas al nombre |
1948- |
| 9 (RLIN) |
59457 |
| 700 1# - PUNTO DE ACCESO ADICIONAL--NOMBRE DE PERSONA |
| Nombre de persona |
Castillo Pichardo, José del, |
| Fechas asociadas al nombre |
1947- |
| 9 (RLIN) |
55447 |
| 700 12 - PUNTO DE ACCESO ADICIONAL--NOMBRE DE PERSONA |
| Nombre de persona |
Rosario Fernández, Reina, |
| Término indicativo de función/relación |
coord. |
| 9 (RLIN) |
55448 |
| 700 1# - PUNTO DE ACCESO ADICIONAL--NOMBRE DE PERSONA |
| Nombre de persona |
Cassá, Roberto, |
| Fechas asociadas al nombre |
1948- |
| 9 (RLIN) |
10888 |
| 830 #0 - PUNTO DE ACCESO ADICIONAL DE SERIE-TÍTULO UNIFORME |
| Título uniforme |
Academia Dominicana de la Historia ; |
| Número de parte o sección de la obra |
89 |
| 9 (RLIN) |
55450 |
| 910 ## - DATOS DE OPCIÓN DEL USUARIO (OCLC) |
| Datos de opción del usuario |
Validado. Control de calidad. EMS |
| 942 ## - ELEMENTOS DE PUNTO DE ACCESO ADICIONAL (KOHA) |
| Fuente del sistema de clasificación o colocación |
Dewey Decimal Classification |
| Tipo de ítem Koha |
Libro |